| 000 | 00892nam0a22002651 4500 | ||
|---|---|---|---|
| 001 | RU\NLR\INFOCOMM_161\5000075790 | ||
| 005 | 20250613094747.0 | ||
| 035 | _a(NLR Aleph) 009272775 | ||
| 090 |
_a9112499 _c9112499 |
||
| 100 | _a20100809d1935 |||y0rusy50 ca | ||
| 101 | 0 | _ager | |
| 102 | _aRU | ||
| 105 | _aa ||||000|y | ||
| 200 | 1 | _aRede des genossen Dimitroff bei Eröffnung des VI Kongresses der Kommunistischen jugendinternationale | |
| 210 |
_aMoskau _d1935 |
||
| 215 |
_a24 с. _cфронт. (портр.) _d13 см |
||
| 601 | 0 | 2 |
_aКоммунистический Интернационал молодежи _2nlr_sh1 |
| 700 | 1 |
_9z02790 _aDimitrov _bG. _f1882-1949 _gGeorgi _4070 |
|
| 712 | 0 | 2 |
_aKommunistischen jugendinternationale _4570 |
| 790 | 1 |
_9z02700 _aDimitroff _4070 |
|
| 801 | 1 |
_aRU _bNLR _c20100809 |
|
| 801 | 0 |
_aRU _bNLR _gPSBO |
|
| 852 |
_aNLR _jD8/927 |
||
| 942 | _cBOOK | ||
| 980 | _aNB | ||